000 00552nam a2200181Ia 4500
003 LK-CoDNM
008 010623t xxu||||| |||| 00| 1 sin d
040 _aLK-CoDNM
_dLK-CoDNM
_eLK-CoDNM
041 _asin
080 _a301 SIL
100 _aSilva,Kalinga Tuder.
245 _aකුලය ,පංතිය සහ ලංකාවේ සමාජ ගැටුම්
246 _aKulaya ,Pantiya Saha Lankawe Samaja Getum
260 _bVisidunu
_aBoralesgamuwa
300 _bviii,197p., 22 100: 955-9170-76-7 cm
650 _aCaste
942 _cBK
999 _c137909
_d137909